[Event "Stay Safe Play From Home 236"]
[Site "Emanuel Lasker Arena"]
[Date "2020.06.18"]
[Round "8"]
[White "Lazieri3"]
[Black "BrainThinker22"]
[Result "0-1"]
[WhiteElo "2140"]
[BlackElo "2285"]
[Annotator "NA RC"]
[PlyCount "100"]
[EventDate "2020.06.18"]
[EventType "swiss (blitz)"]

1. e4 {[%emt 0:00:01]} c6 {[%emt 0:00:00]} 2. Nc3 {[%emt 0:00:00]} d5 {[%emt 0:00:00]} 3. d4 {[%emt 0:00:00]} dxe4 {[%emt 0:00:01]} 4. Nxe4 {[%emt 0:00:01]} Bf5 {[%emt 0:00:00]} 5. Ng3 {[%emt 0:00:01]} Bg6 {[%emt 0:00:00]} 6. Nf3 {[%emt 0:00:00]} Nd7 {[%emt 0:00:01]} 7. Bd3 {[%emt 0:00:00]} Bxd3 {[%emt 0:00:01]} 8. Qxd3 {[%emt 0:00:00]} e6 {[%emt 0:00:00]} 9. Bf4 {[%emt 0:00:01]} Qa5+ {[%emt 0:00:01]} 10. c3 {[%emt 0:00:01]} Ngf6 {[%emt 0:00:01]} 11. Ne4 {[%emt 0:00:02]} Nxe4 {[%emt 0:00:01]} 12. Qxe4 {[%emt 0:00:00]} Nf6 {[%emt 0:00:00]} 13. Qc2 {[%emt 0:00:01]} O-O-O {[%emt 0:00:01]} 14. Qb3 {[%emt 0:00:02]} Bd6 {[%emt 0:00:01]} 15. Bxd6 {[%emt 0:00:01]} Rxd6 {[%emt 0:00:00]} 16. Ne5 {[%emt 0:00:01]} Rf8 {[%emt 0:00:01]} 17. O-O-O {[%emt 0:00:03]} Qc7 {[%emt 0:00:01]} 18. Rhe1 {[%emt 0:00:01]} Nd7 {[%emt 0:00:01]} 19. Nxd7 {[%emt 0:00:01]} Qxd7 {[%emt 0:00:00]} 20. Re5 {[%emt 0:00:01]} f6 {[%emt 0:00:01]} 21. Re3 {[%emt 0:00:02]} e5 {[%emt 0:00:03]} 22. dxe5 {[%emt 0:00:01]} Rxd1+ {[%emt 0:00:00]} 23. Qxd1 {[%emt 0:00:01]} Qxd1+ {[%emt 0:00:00]} 24. Kxd1 {[%emt 0:00:01]} fxe5 {[%emt 0:00:00]} 25. Rxe5 {[%emt 0:00:01]} Rxf2 {[%emt 0:00:01]} 26. Rg5 {[%emt 0:00:02]} g6 {[%emt 0:00:01]} 27. Kc1 {[%emt 0:00:01]} Kd7 {[%emt 0:00:02]} 28. h4 {[%emt 0:00:01]} Ke6 {[%emt 0:00:01]} 29. h5 {[%emt 0:00:00]} Kf6 {[%emt 0:00:01]} 30. Rg3 {[%emt 0:00:01]} gxh5 {[%emt 0:00:01]} 31. a4 {[%emt 0:00:03]} b6 {[%emt 0:00:01]} 32. Kb1 {[%emt 0:00:01]} h4 {[%emt 0:00:01]} 33. Rg4 {[%emt 0:00:01]} h5 {[%emt 0:00:02]} 34. Rxh4 {[%emt 0:00:02]} Kg5 {[%emt 0:00:00]} 35. Rh2 {[%emt 0:00:02]} Kg4 {[%emt 0:00:01]} 36. Ka2 {[%emt 0:00:02]} h4 {[%emt 0:00:01]} 37. Kb3 {[%emt 0:00:02]} a5 {[%emt 0:00:01]} 38. Ka3 {[%emt 0:00:01]} c5 {[%emt 0:00:01]} 39. Kb3 {[%emt 0:00:01]} Re2 {[%emt 0:00:03]} 40. Ka3 {[%emt 0:00:02]} c4 {[%emt 0:00:01]} 41. Ka2 {[%emt 0:00:01]} Re4 {[%emt 0:00:04]} 42. Ka3 {[%emt 0:00:01]} Kg3 {[%emt 0:00:01]} 43. Rh3+ {[%emt 0:00:02]} Kxg2 {[%emt 0:00:00]} 44. Re3 {[%emt 0:00:02]} Rxe3 {[%emt 0:00:01]} 45. Ka2 {[%emt 0:00:02]} h3 {[%emt 0:00:01]} 46. Ka3 {[%emt 0:00:00]} h2 {[%emt 0:00:00]} 47. b3 {[%emt 0:00:00]} h1=Q {[%emt 0:00:01]} 48. bxc4 {[%emt 0:00:00]} Rxc3+ {[%emt 0:00:01]} 49. Kb2 {[%emt 0:00:00]} Qc1+ {[%emt 0:00:01]} 50. Ka2 {[%emt 0:00:01]} Ra3# {[%emt 0:00:00] (Lag: Av=0.45s, max=1.4s)} 0-1

[Event "Stay Safe Play From Home 236"]
[Site "Emanuel Lasker Arena"]
[Date "2020.06.18"]
[Round "8"]
[White "Bardellosport"]
[Black "Souchov"]
[Result "0-1"]
[WhiteElo "2044"]
[BlackElo "1846"]
[Annotator "TA"]
[PlyCount "80"]
[EventDate "2020.06.18"]
[EventType "swiss (blitz)"]

{[%evp 9,80,-14,-12,-18,-15,-18,-8,-11,39,34,37,-18,-20,-22,0,0,0,-54,260,237,233,59,84,43,81,17,189,141,123,14,252,108,219,0,11,17,274,175,177,123,278,0,0,0,27,40,29,0,0,-1015,-1012,-982,-911,-876,-865,-643,26,41,41,-539,0,-3541,-3226,-4262,-3383,-7396,-2994,-29990,-29991,-29993,-29994,-29994,-29994]} 1. d4 Nf6 2. e3 g6 3. f4 d5 4. Nf3 Bg7 5. Bd3 O-O 6. Qe2 {[#] A03: Bird's Opening with 1...d5.} c5 $1 {[%mdl 512] And now ...c4 would win.} 7. c3 (7. dxc5 Bg4) 7... Nc6 8. Nbd2 {The position is equal.} Bf5 9. Bxf5 gxf5 10. Ne5 (10. dxc5 $14 b6 11. cxb6) 10... e6 {[#]} 11. O-O $146 ({Predecessor:} 11. h3 Nxe5 12. dxe5 Nd7 13. Nf3 f6 14. exf6 Nxf6 15. Ng5 Qe7 16. O-O h6 17. Nf3 {0-1 (40) Moiseyenko,V-Kovalev,D (2451) Yuzhny 2009}) 11... Ne4 (11... Rc8 {keeps more tension.} 12. Rf3 Qb6 13. Rh3 h6 14. Nf1 Rc7) 12. Nxe4 dxe4 13. Qf2 (13. Nxc6 $11 bxc6 14. b4) 13... Nxd4 $2 {[%mdl 8192]} (13... Ne7 $15 14. a4 cxd4 15. cxd4 Bxe5 16. dxe5 Nd5) 14. exd4 $18 ({Not} 14. cxd4 Qd5 $16) 14... cxd4 15. cxd4 $2 ({White must play} 15. Qxd4 $18 {Threatens to win with Qb4.} Qxd4+ 16. cxd4) 15... Qd5 $1 $14 16. Be3 {Strongly threatening Qe2.} Rac8 17. Rac1 (17. b3 $16) 17... Qxa2 $2 (17... f6 $11 {and Black has nothing to worry.}) 18. Rxc8 Rxc8 19. g4 (19. Qe2 $16) 19... fxg4 $2 (19... f6 $11) 20. Qg3 (20. f5 $18 {and White stays clearly on top.} exf5 21. Qxf5 {[%mdl 64] Double Attack}) 20... Qxb2 (20... f5 $16) 21. Rf2 $2 ({Resist} 21. Nxg4 $6 Kh8 $16) ({Better is} 21. Qxg4 $18 Qa3 22. Kh1) 21... Qb1+ 22. Kg2 {Black must now prevent f5.} Rc3 $2 {[%mdl 8192]} (22... f5 $11 {and Black is okay.}) 23. f5 exf5 24. Rxf5 ({White should play} 24. Nd7 $18 {Intending Qb8+ and mate.} Rc8 25. Rxf5) 24... Rc2+ $2 (24... Qa2+ $16 {was necessary.} 25. Rf2 Rc2) 25. Rf2 $2 (25. Bf2 $1 $18 e3 26. Qxe3) 25... Rxf2+ $1 $11 26. Qxf2 Bxe5 $1 27. dxe5 {e6 is the strong threat.} Qd1 28. Bh6 Qf3+ 29. Qxf3 $4 {[%mdl 8192]} (29. Kg1 $11 Qd1+ 30. Kg2) 29... gxf3+ {[%mdl 4096] Endgame KB-KP} 30. Kf2 a5 {[%cal Ba7a5,Ba5a4][%mdl 32]} 31. Be3 a4 32. Bc5 {[#]} b5 $2 (32... b6 $1 $19 {[%cal Rb6c5][%mdl 512]} 33. Bxb6 a3) 33. Ke3 Kg7 34. h4 $2 {[%mdl 8192] [#]} (34. Kxe4 $14 {keeps the upper hand.} Kg6 35. Kxf3) 34... f5 $2 (34... a3 $1 $19 {[%mdl 512]} 35. Bxa3 Kg6) 35. Bd4 $2 {[%mdl 8192]} (35. e6 $11) 35... Kf7 $19 36. h5 Ke6 37. Ba1 b4 38. Kd4 f2 {Black mates.} 39. Kc4 f1=Q+ {[%mdl 64] Double Attack} 40. Kxb4 Qxa1 {Accuracy: White = 27%, Black = 51%.} 0-1

[Event "Stay Safe Play From Home 236"]
[Site "Emanuel Lasker Arena"]
[Date "2020.06.18"]
[Round "8"]
[White "Greblha"]
[Black "Position"]
[Result "0-1"]
[WhiteElo "1971"]
[BlackElo "2115"]
[Annotator "TA"]
[PlyCount "80"]
[EventDate "2020.06.18"]
[EventType "swiss (blitz)"]

{[%evp 13,79,-11,0,0,11,10,18,-8,26,25,12,0,16,12,103,-102,-93,-568,-555,-587,-509,-524,-512,-602,-595,-817,-534,-616,-533,-576,-540,-2114,-2059,-1975,-1691,-2629,-2542,-29987,-29988,-29985,0,-1721,-1687,-29998,-29999,-29999,-29998,-29998,-29999,-29999,-29996,-29996,-29994,-29997,-29987,-29985,-29986,-29998,-29995,-29996,-29995,-29996,-29997,-29997,-29997,-29998,-29999,-29999]} 1. e4 c5 2. Nc3 d6 3. g3 Nc6 {[%cal Bb8c6,Bc6d4,Bd4e2][%mdl 32]} 4. Bg2 g6 5. d3 Bg7 6. Be3 Nf6 7. Qc1 Ng4 8. Bd2 {B26: Closed Sicilian: 3 g3, lines with early Be3.} Nd4 9. h3 Ne5 10. Nce2 {[#] The position is equal.} (10. Nd5 {is more complex.} O-O 11. f4 Nd7 12. h4 h5 13. c3) 10... Nxe2 $146 ({Predecessor:} 10... Bd7 11. f4 Nec6 12. c3 Nxe2 13. Nxe2 f5 14. O-O O-O 15. Be3 Qa5 16. Qd2 Rab8 17. exf5 gxf5 {½-½ (27) Jurkovic,H (2386)-Novak,D (2376) Kastav 2002}) 11. Nxe2 Nc6 12. Bh6 O-O 13. h4 Qb6 (13... Qa5+ $11 {remains equal.} 14. Bd2 Qb6) 14. h5 $2 (14. Bxg7 $16 Kxg7 15. h5) 14... Bxb2 $17 {[%mdl 64] Double Attack. White is on the road to losing.} 15. Qe3 $2 {[%mdl 8192]} (15. Qd1 $17) 15... Bxa1 $19 16. hxg6 fxg6 17. Bxf8 Kxf8 18. Qh6+ Bg7 19. Qxh7 Kf7 20. Nf4 Ne5 21. Bh3 Bxh3 22. Rxh3 Rh8 23. Qxh8 Bxh8 24. Rxh8 Qb1+ 25. Kd2 Nf3+ 26. Ke3 Ne5 $2 (26... Nd4 {mates} 27. Ne2 {[#]} Qe1 $1 {[%mdl 512]} 28. Kf4 Qxe2 29. Kg5 Nf3+ 30. Kg4 Ne5+ $1 {[%mdl 576] Discovered Attack (Double check)} 31. Kh3 Qf1+ 32. Kh4 Qh1+ 33. Kg5 Qxh8 34. g4 Qf6+ {[%mdl 64] Double Attack} 35. Kh6 Qh4#) 27. Rh7+ $2 {[%mdl 8192]} (27. Kd2 $11 Nf3+ 28. Ke3) 27... Ke8 28. Ne6 Qe1+ {Black mates.} 29. Kf4 Qxf2+ 30. Kg5 Qf6+ {[%mdl 64] Double Attack} 31. Kh6 Qxe6 32. Rh8+ Kd7 33. Rh7 Ng4+ 34. Kg5 Nf6 35. Kxg6 Nxh7+ 36. Kxh7 Qf6 37. g4 Qg5 38. Kh8 Ke6 39. c4 Kf7 {[%cal Rg5h6]} 40. Kh7 Qg7# {Accuracy: White = 46%, Black = 44%.} 0-1

[Event "Stay Safe Play From Home 236"]
[Site "Emanuel Lasker Arena"]
[Date "2020.06.18"]
[Round "8"]
[White "NeatFox"]
[Black "Tartak"]
[Result "0-1"]
[WhiteElo "1748"]
[BlackElo "1705"]
[Annotator "NA RC"]
[PlyCount "52"]
[EventDate "2020.06.18"]
[EventType "swiss (blitz)"]

1. g4 {[%emt 0:00:02]} e6 {[%emt 0:00:00]} 2. Bg2 {[%emt 0:00:00]} d5 {[%emt 0:00:01]} 3. c4 {[%emt 0:00:00]} Nf6 {[%emt 0:00:01]} 4. cxd5 {[%emt 0:00:00]} exd5 {[%emt 0:00:01]} 5. Qb3 {[%emt 0:00:05]} c6 {[%emt 0:00:03]} 6. g5 {[%emt 0:00:01]} Ne4 {[%emt 0:00:02]} 7. h4 {[%emt 0:00:01]} Nd6 {[%emt 0:00:01]} 8. d4 {[%emt 0:00:01]} Qc7 {[%emt 0:00:02]} 9. Nc3 {[%emt 0:00:02]} Be6 {[%emt 0:00:02]} 10. e3 {[%emt 0:00:01]} Be7 {[%emt 0:00:01]} 11. Nf3 {[%emt 0:00:01]} Nd7 {[%emt 0:00:01]} 12. Bd2 {[%emt 0:00:00]} Nb6 {[%emt 0:00:01]} 13. O-O {[%emt 0:00:01]} Nbc4 {[%emt 0:00:01]} 14. Rad1 {[%emt 0:00:01]} O-O-O {[%emt 0:00:02]} 15. Qc2 {[%emt 0:00:01]} f6 {[%emt 0:00:01]} 16. gxf6 {[%emt 0:00:01]} gxf6 {[%emt 0:00:01]} 17. b3 {[%emt 0:00:03]} Nb6 {[%emt 0:00:03]} 18. e4 {[%emt 0:00:02]} Rdg8 {[%emt 0:00:02]} 19. exd5 {[%emt 0:00:02]} Nxd5 {[%emt 0:00:04]} 20. Nxd5 {[%emt 0:00:01]} Bxd5 {[%emt 0:00:01]} 21. Kh1 {[%emt 0:00:04]} Rxg2 {[%emt 0:00:03]} 22. Kxg2 {[%emt 0:00:01]} Rg8+ {[%emt 0:00:01]} 23. Kh1 {[%emt 0:00:05]} Bxf3+ {[%emt 0:00:01]} 24. Kh2 {[%emt 0:00:00]} Ne4+ {[%emt 0:00:01]} 25. Kh3 {[%emt 0:00:02]} Rg3+ {[%emt 0:00:03]} 26. fxg3 {[%emt 0:00:01]} Qxg3# {[%emt 0:00:01] (Lag: Av=0.36s, max=0.7s)} 0-1

[Event "Stay Safe Play From Home 236"]
[Site "Emanuel Lasker Arena"]
[Date "2020.06.18"]
[Round "8"]
[White "Trotsky"]
[Black "SoulofWolf"]
[Result "0-1"]
[WhiteElo "1513"]
[BlackElo "2140"]
[Annotator "TA"]
[PlyCount "68"]
[EventDate "2020.06.18"]
[EventType "swiss (blitz)"]

{[%evp 9,68,83,75,72,89,64,64,58,98,79,107,109,204,179,210,181,215,111,222,204,668,123,333,344,391,320,389,389,810,795,783,71,188,52,57,64,327,0,176,160,472,0,0,0,0,0,0,0,0,0,0,0,32,-165,119,-144,78,62,50,54,139]} 1. d4 b6 2. e3 c6 3. c4 ({Predecessor:} 3. Bc4 Bb7 4. Qf3 e6 5. Ne2 a6 6. O-O Ra7 7. e4 a5 8. a3 Ra6 9. Bxa6 Bxa6 10. Bf4 h6 11. Nbc3 f6 12. Qh5+ {1-0 (12) Vrabie,O (1001)-Zamfirescu,D (1001) Calimanesti 2018}) 3... Na6 4. Nc3 Nc7 5. a3 e6 6. Bd3 {A40: Unusual replies to 1 d4.} Be7 7. Qc2 d5 8. Nf3 dxc4 9. Bxc4 b5 10. Bd3 b4 (10... Nf6 $16) 11. Ne4 bxa3 12. bxa3 (12. Qxc6+ $6 Bd7 $16) 12... Nf6 13. h4 (13. Qxc6+ $6 Bd7 $16) (13. Ne5 $18) 13... O-O (13... Nxe4 $16 {keeps fighting.} 14. Bxe4 (14. Qxc6+ Bd7 $16) 14... Nd5) 14. Neg5 $18 (14. Qxc6 Nxe4 15. Qxe4 f5 $14) 14... h6 $2 (14... g6 15. h5 (15. Qxc6 Bd7 $14) 15... Nxh5) 15. e4 $2 (15. Bh7+ $18 {and White stays clearly on top.} Kh8 16. Ne5 $1 {[%mdl 512]}) 15... c5 $2 (15... Ng4 $16 {might work better.}) 16. e5 Nfd5 17. Bh7+ Kh8 {[#]} 18. Bg8 $1 {[%csl Gg5,Gg8][%cal Rc2h7][%mdl 512]} g6 $2 (18... f5 19. exf6 Nxf6) (18... Rxg8 19. Nxf7#) 19. Bxf7 Bxg5 20. Qxg6 $2 (20. Bxg5 Qd7 $18) (20. hxg5 Rxf7 21. Qxg6 (21. Rxh6+ Rh7 $11) 21... Qe7 $16) (20. Nxg5 $18 {is the precise move to win.} Nf4 {[%mdl 64] Decoy} 21. Bxf4 Qxd4 22. Qxg6 $3 {[%mdl 512]} Qc3+ 23. Kf1 $1 {[%mdl 512]} Qd3+ 24. Qxd3) 20... Rxf7 (20... Ne7 $16 {was worth a try.} 21. Qh5 Bxc1 22. Rxc1 Rxf7 23. Qxf7 Ncd5) 21. Nxg5 (21. Qxf7 $6 Bxc1 22. Rxc1 Ba6 $16) (21. hxg5 $18 Qe7 22. Qh5 (22. Rxh6+ Rh7 $11)) 21... Rg7 $14 22. Nf7+ $1 {[#]} (22. Qxh6+ Kg8 $17) 22... Kg8 $2 {[%mdl 8192] [#]} ({Better is} 22... Rxf7 $1 $14 {[%mdl 512]} 23. Qxf7 cxd4) 23. Nxh6+ $2 (23. Nxd8 $2 Rxg6 24. dxc5 Kg7 $19) ({White must play} 23. Qxg7+ $1 $18 {[%mdl 512]} Kxg7 24. Nxd8) 23... Kh8 $2 (23... Kf8 $11 {and Black is okay.} 24. Qh5 Ne7) 24. Nf7+ $18 {[%mdl 1088] Double Attack. White has strong compensation.} Kg8 $2 {[#]} (24... Rxf7 $16 {is more resistant.} 25. Qxf7 Qg8 26. Qh5+ Qh7 27. Qxh7+ Kxh7) 25. Nh6+ $2 (25. Nxd8 $2 Rxg6 26. Bg5 cxd4 $17) (25. Qxg7+ $1 $18 {[%mdl 512]} Kxg7 26. Nxd8) 25... Kf8 26. Qh5 Qe8 $36 {[%mdl 2048] Black has some pressure.} 27. Qf3+ Ke7 28. Bg5+ Kd7 29. O-O Ba6 (29... cxd4 $6 30. Rfc1 $16) 30. Rfe1 Qf8 ({Much worse is} 30... cxd4 $6 31. Ng4 $16) 31. Qg4 $2 {[#]} (31. Qg3 $14 {keeps the upper hand.}) 31... Bd3 $2 (31... Rg6 $1 $19 {aiming for ...c4.} 32. Rab1 Bd3 33. dxc5 Bxb1 34. Rxb1 Rxh6 35. c6+ (35. Qa4+ $2 Kc8 $19) 35... Ke8 36. Bxh6 Qxh6) 32. f4 $2 {[%mdl 8192] [#]} (32. dxc5 $16 {is forced if you want to stay better. Strongly threatening Qd4.} Bb5 33. Qd4) 32... Bf5 $2 ({And not} 32... cxd4 33. f5 $11) (32... c4 $1 $17 {...Rh7 is the strong threat.} 33. Qg3 Rb8) 33. Qf3 c4 34. Rac1 c3 {[%mdl 32768] Accuracy: White = 52%, Black = 20%. . Loss on time!?} (34... Bd3 $14) 0-1

[Event "Stay Safe Play From Home 236"]
[Site "Emanuel Lasker Arena"]
[Date "2020.06.18"]
[Round "8"]
[White "Aktürk"]
[Black "Klasman"]
[Result "1-0"]
[WhiteElo "1487"]
[BlackElo "1250"]
[Annotator "NA RC"]
[PlyCount "49"]
[EventDate "2020.06.18"]
[EventType "swiss (blitz)"]

1. e3 {[%emt 0:00:01]} f5 {[%emt 0:00:01]} 2. Qf3 {[%emt 0:00:00]} d5 {[%emt 0:00:02]} 3. Bd3 {[%emt 0:00:00]} e6 {[%emt 0:00:02]} 4. Qg3 {[%emt 0:00:02]} Nf6 {[%emt 0:00:02]} 5. Nc3 {[%emt 0:00:01]} c5 {[%emt 0:00:01]} 6. Nb5 {[%emt 0:00:01]} Na6 {[%emt 0:00:07]} 7. Nc3 {[%emt 0:00:05]} c4 {[%emt 0:00:01]} 8. Be2 {[%emt 0:00:02]} Nb4 {[%emt 0:00:02]} 9. Bd1 {[%emt 0:00:02]} Bd6 {[%emt 0:00:07]} 10. Qxg7 {[%emt 0:00:03]} Rg8 {[%emt 0:00:01]} 11. Qh6 {[%emt 0:00:01]} Rg6 {[%emt 0:00:01]} 12. Qh4 {[%emt 0:00:02]} Rxg2 {[%emt 0:00:02]} 13. a3 {[%emt 0:00:03]} Nc6 {[%emt 0:00:04]} 14. Bf3 {[%emt 0:00:02]} Rg8 {[%emt 0:00:05]} 15. Nb5 {[%emt 0:00:01]} Be5 {[%emt 0:00:08]} 16. d4 {[%emt 0:00:03]} cxd3 {[%emt 0:00:01]} 17. cxd3 {[%emt 0:00:02]} a6 {[%emt 0:00:02]} 18. d4 {[%emt 0:00:01]} axb5 {[%emt 0:00:02]} 19. dxe5 {[%emt 0:00:01]} Nxe5 {[%emt 0:00:01]} 20. b4 {[%emt 0:00:04]} Rxg1+ {[%emt 0:00:01]} 21. Rxg1 {[%emt 0:00:02]} Nxf3+ {[%emt 0:00:01]} 22. Ke2 {[%emt 0:00:01]} Nxh4 {[%emt 0:00:01]} 23. Rg7 {[%emt 0:00:02]} Qd6 {[%emt 0:00:02]} 24. Bb2 {[%emt 0:00:01]} Qxh2 {[%emt 0:00:02]} 25. Bxf6 {[%emt 0:00:02] Time (Lag: Av=0.49s, max=1.1s)} 1-0

[Event "Stay Safe Play From Home 236"]
[Site "Emanuel Lasker Arena"]
[Date "2020.06.18"]
[Round "8"]
[White "Shyamph1980"]
[Black "Haxhi Baha"]
[Result "0-1"]
[WhiteElo "1465"]
[BlackElo "1982"]
[Annotator "NA RC"]
[PlyCount "44"]
[EventDate "2020.06.18"]
[EventType "swiss (blitz)"]

1. e4 {[%emt 0:00:01]} e6 {[%emt 0:00:31]} 2. d4 {[%emt 0:00:02]} d5 {[%emt 0:00:00]} 3. e5 {[%emt 0:00:03]} c5 {[%emt 0:00:01]} 4. c3 {[%emt 0:00:01]} Nc6 {[%emt 0:00:00]} 5. Nf3 {[%emt 0:00:02]} Bd7 {[%emt 0:00:00]} 6. Bb5 {[%emt 0:00:01]} Qb6 {[%emt 0:00:01]} 7. Bxc6 {[%emt 0:00:01]} bxc6 {[%emt 0:00:00]} 8. Na3 {[%emt 0:00:03]} cxd4 {[%emt 0:00:01]} 9. Qxd4 {[%emt 0:00:01]} c5 {[%emt 0:00:02]} 10. Qd2 {[%emt 0:00:03]} Ne7 {[%emt 0:00:01]} 11. Nc2 {[%emt 0:00:01]} Nf5 {[%emt 0:00:01]} 12. O-O {[%emt 0:00:01]} Be7 {[%emt 0:00:01]} 13. Re1 {[%emt 0:00:01]} h6 {[%emt 0:00:01]} 14. Rb1 {[%emt 0:00:01]} g5 {[%emt 0:00:01]} 15. Na3 {[%emt 0:00:01]} g4 {[%emt 0:00:02]} 16. Qc2 {[%emt 0:00:07]} Bg5 {[%emt 0:00:01]} 17. Nxg5 {[%emt 0:00:01]} hxg5 {[%emt 0:00:00]} 18. Bxg5 {[%emt 0:00:00]} Rh5 {[%emt 0:00:02]} 19. Bf4 {[%emt 0:00:03]} O-O-O {[%emt 0:00:02]} 20. Bg3 {[%emt 0:00:01]} Rdh8 {[%emt 0:00:03]} 21. Qd3 {[%emt 0:00:01]} Nxg3 {[%emt 0:00:02]} 22. hxg3 {[%emt 0:00:01]} Rh1# {[%emt 0:00:01] (Lag: Av=1.03s, max=1.5s)} 0-1

[Event "Stay Safe Play From Home 236"]
[Site "Emanuel Lasker Arena"]
[Date "2020.06.18"]
[Round "9"]
[White "Broken sword"]
[Black "Trotsky"]
[Result "1-0"]
[WhiteElo "2379"]
[BlackElo "1513"]
[Annotator "TA"]
[PlyCount "61"]
[EventDate "2020.06.18"]
[EventType "swiss (blitz)"]

{[%evp 12,61,25,10,91,38,65,54,42,36,70,69,100,41,58,59,81,74,79,75,128,116,250,184,262,269,243,122,707,669,684,659,1818,1011,29991,29992,29992,29993,29993,29992,29992,29992,29992,29993,29994,29994,29997,29995,29996,29996,29997,29996]} 1. e4 c5 2. Nf3 Nc6 3. d4 cxd4 4. Nxd4 Nf6 5. Nc3 e6 6. a3 d6 7. Be3 $1 {[%mdl 4] [#] is currently scoring better than 7.Be2.} Nxd4 $146 {B45: Sicilian Four Knights.} (7... Be7 $11 {remains equal.}) ({Predecessor:} 7... Be7 8. Qe2 a6 9. O-O-O Qc7 10. g4 Nxd4 11. Rxd4 b5 12. g5 Nd7 13. f4 Bb7 14. Rg1 Nb6 15. Qf2 {1-0 (44) Svidler,P (2737)-Lintchevski,D (2516) St Petersburg 2018}) 8. Bxd4 (8. Qxd4 $16 Be7 9. h3) 8... e5 9. Be3 a6 {White is slightly better.} 10. Qd2 Qc7 11. O-O-O b5 12. f3 ({Better is} 12. Bg5 $16) 12... Bb7 13. Kb1 Be7 {White leaves nothing to chance now.} 14. g4 O-O 15. g5 Nd7 {[#]} (15... Nh5 $142) 16. h4 $1 $16 Qa5 (16... Nb6 $16 {might work better.}) 17. Bh3 Nc5 (17... Qc7 {was called for.} 18. h5 Nb6) 18. Bxc5 $18 dxc5 19. Nd5 (19. Qd7 $18 b4 20. Na2 (20. Qxb7 $2 bxc3 21. Rd7 Rab8 $19)) 19... b4 $2 {[%mdl 8192]} (19... Qd8 $16) 20. Nxe7+ Kh8 21. g6 h6 22. gxf7 {Threatens to win with Ng6+.} Qa4 23. Ng6+ {[%mdl 64] [#] Double Attack. White mates.} Kh7 24. Nxf8+ Kh8 25. axb4 cxb4 26. Ng6+ {[%mdl 64] Double Attack} Kh7 27. Bf5 h5 28. Rhg1 Bd5 29. Qxd5 {[%mdl 64] Double Attack} b3 30. cxb3 Qb5 31. Ne7+ {Accuracy: White = 58%, Black = 22%.} 1-0

[Event "Stay Safe Play From Home 236"]
[Site "Emanuel Lasker Arena"]
[Date "2020.06.18"]
[Round "9"]
[White "Mepe_Nika"]
[Black "Position"]
[Result "1-0"]
[WhiteElo "2373"]
[BlackElo "2125"]
[Annotator "TA"]
[PlyCount "67"]
[EventDate "2020.06.18"]
[EventType "swiss (blitz)"]

{[%evp 10,66,51,46,90,61,92,66,118,56,123,111,108,133,95,-26,-37,-174,87,21,145,-464,-464,-459,-150,-153,-148,-176,-131,-144,-145,-190,-118,-132,-124,-139,-3,-43,-59,-64,0,-23,0,-106,0,0,114,134,350,356,319,30,225,22,630,623,29998,29999,29999]} 1. d4 Nf6 2. Bf4 d6 3. Nc3 g6 4. e4 Bg7 5. Qd2 O-O 6. O-O-O Nbd7 {B07: Pirc Defence: Miscellaneous Systems.} 7. e5 Ne8 8. Nf3 c6 (8... Nb6 $14) 9. Bh6 {[#]} (9. h4 $1 $16) 9... Qc7 $146 (9... dxe5 $14 10. dxe5 Qc7) ({Predecessor:} 9... Qa5 10. Bxg7 Nxg7 11. Qf4 dxe5 12. dxe5 Nb6 13. h4 h5 14. Qh6 Nf5 15. Qg5 Na4 {1-0 (38) Kandic,M (2208)-Haug,M (1935) Gibraltar 2009}) 10. h4 $1 $16 {[%cal Rh4h5] Strongly threatening h5.} dxe5 11. h5 {aiming for Bxg7.} exd4 12. Bxg7 (12. Ne4 $16 {Black must now prevent hxg6.} b5 13. hxg6 fxg6 14. Nfg5 (14. Nxd4 Ndf6 $11)) 12... Nxg7 $11 13. hxg6 ({White should play} 13. Nxd4 $15 Nxh5 14. g4) 13... fxg6 $2 (13... dxc3 $19 14. gxh7+ Kh8 15. Qxc3 Nf6) 14. Qh6 (14. Nxd4 $6 Nb6 $11) ({White should try} 14. Bc4+ $16 e6 15. Qxd4 (15. Nxd4 Nb6 $14)) 14... Nf6 {[#]} (14... Qf4+ $1 $11 15. Qxf4 Rxf4 16. Bc4+ (16. Rxd4 Rxd4 17. Nxd4 Nf6 $11) 16... e6 17. Rxd4 Rxd4 18. Nxd4 Nb6) 15. Ng5 $2 {[%mdl 8192]} (15. Nxd4 b5 $11) (15. Rxd4 Nf5 $11) (15. Ne4 $1 $16 {[%mdl 512]} Ngh5 (15... Nxe4 16. Bc4+) 16. Nxf6+ (16. Rxd4 b5 $14) 16... Nxf6 17. Ng5 (17. Nxd4 b5 $11) (17. Rxd4 Bf5 $16) 17... Qf4+ 18. Kb1) 15... Qf4+ $19 {[%mdl 64] Double Attack} ({Less strong is} 15... dxc3 16. Bc4+ e6 17. Nxh7 $17) 16. Kb1 Nf5 $2 (16... dxc3 $19 17. Nxh7 Qxh6 18. Nxf6+ Rxf6 19. Rxh6 Be6) 17. Bc4+ $17 e6 $1 18. g3 {Hoping for Qxf8+!} Nxh6 ({Worse is} 18... Qb8 19. Qh3 $14) 19. gxf4 Nf5 20. Nxe6 Bxe6 (20... dxc3 $19 21. Nxf8+ Kxf8 22. Rd8+ Ke7) 21. Bxe6+ Kg7 22. Bxf5 gxf5 (22... dxc3 $17 23. Bd3 cxb2) 23. Ne2 c5 24. Ng3 Kg6 (24... Ne4 $15 25. Rh5 h6 26. Nxe4 fxe4 27. Rg1+ Kh7 28. Rxc5 Rxf4) 25. c3 Rad8 26. cxd4 (26. Rdg1 $11 {keeps the balance.}) 26... cxd4 (26... Rxd4 $17 27. Rdg1 Rxf4 28. Ne4+ Ng4 29. Nxc5 Rf3) 27. Rdg1 $11 Ng4 (27... Kf7 $11) 28. f3 $16 Nf2 $2 (28... Ne3 $16) 29. Rh2 Nd3 30. Ne4+ Kf7 31. Rxh7+ $2 ({Only move:} 31. Ng5+ $18 Ke8 32. Ne6 (32. Rxh7 Rd7 $14)) 31... Ke8 $2 {[%mdl 8192]} (31... Ke6 $11 32. Ng5+ Kd5) 32. Rgg7 $18 {[%csl Gh7][%cal Rg7e7]} Rb8 33. Nd6+ {[%mdl 64] Double Attack} Kd8 34. Rd7# {What a bad dream for Black. Accuracy: White = 34%, Black = 22%.} 1-0